| 000 | 00536nam a2200205 4500 | ||
|---|---|---|---|
| 003 | OSt | ||
| 005 | 20260530115300.0 | ||
| 008 | 260507b1973 |||a|||| |||| 001 0 spa d | ||
| 020 | _a8425208661 | ||
| 040 |
_aICI _bspa _cICI |
||
| 050 |
_aNK1505 _bI34 |
||
| 100 | 1 |
_aSelle, Gert _931074 |
|
| 245 | 1 | 0 | _aIdelogía y utopía del Diseño |
| 264 | 1 |
_b Gustavo Gili, S. A. _c1975 _aEspaña |
|
| 300 | _a246 páginas | ||
| 336 |
_atexto _2rdacontent |
||
| 337 |
_asin medio _2rdamedia |
||
| 338 |
_avolumen _2rdacarrier |
||
| 942 |
_2lcc _cBK _n1 |
||
| 999 |
_c12794 _d12794 |
||